000 00653nam a22002057a 4500
001 86212
003 BD-RjUL
005 20260225104228.0
008 260225s195? pk ||||| |||| 00| 0 urd d
035 _a(BD-RjUL)86212
040 _aBD-RjUL
_beng
_cBD-RjUL
041 _aurd
082 _223
_a891.4393355
_bHUC 195?
100 _a;; حسىن., انتظار Ḥusain, Intiz̤ār
_dا1925-2016,
_917794
245 _aچاند گہن / Chānd gahan /
_c:انتظار حسىن., Intiz̤ār Ḥusain,
260 _aLahore :
_bMaktuba i Karwan ,
_c195?
300 _a263 p. ;
_c17 cm
650 _a Urdu novel
_v(social themes)
_917795
942 _2ddc
_cBK
999 _c86212
_d86212